00517nam a22002057a 450000500170000001000110001702000100002803500110003803700160004904000120006508200130007710000210009024500650011125000110017626000420018727000150022930000200024465000360026465000110030020170124110034.0 a967801 c00.00 a967801 bCen Lib/Ret adplbEN a882bFRY aFry, Christopher aThe lady's not for burning :cby Christopher Fryba comedy / a2nd ed bOxford University Pressc1951aLondon aAmen House a97p. c18cm(Hb) aEnglish drama -- 20th century.  aDrama.